Представление документа в формате RUSMARC

ПолеНазваниеЗначение
  Тип записи a
  Библиографический уровень m
001 Контрольный номер SKBR/cac28ef3-38ba-4330-b78e-a3b630ab5195
005 Дата корректировки 20230112120033.8
010 Индекс ISBN __
a ISBN 978-5-04-113471-6
9 Тираж 3000 экз.
b Уточнения в пер.
d Цена 1523-50
021 № государственной регистрации __
a Код страны RU
b № документа 2020-74081
035 Другие системные номера __
a Идентификатор записи (RuMoRGB)010488808
035 Другие системные номера __
a Идентификатор записи RU\NLR\BIBL_A\012483966
100 Данные общей обработки __
a Данные общей обработки 20210324d2022 em y0rusy028902 ca
101 Язык документа 1_
a Язык текста rus
c Язык оригинала eng
102 Страна публикации __
a Страна публикации RU
105 Кодированные данные (монография) __
a Кодированные данные (монография) ac z 001zy
181 Поле кодированных данных: вид содержания _0
a Код вида содержания (ISBD) i
181 Поле кодированных данных: вид содержания _0
a Код вида содержания (ISBD) b
182 Поле кодированных данных: тип средства _0
a Код типа средства (ISBD) n
200 Заглавие и сведения об ответственности 1_
a Заглавие Procreate. Учимся создавать шедевры на iPad
e Сведения, относящиеся к заглавию [первая в России книга по цифровому рисованию]
f Первые сведения об ответственности Макс Уличнэй, Симон Грюневальд, Эвелин Стокарт, Сэм Нассур
g Последующие сведения об ответственности перевод с английского О. Стеблевой
203 Вид содержания и тип средства __
a Вид содержания Текст
a Вид содержания Изображение
c Тип средства непосредственные
210 Выходные данные 1_
a Место издания Москва
c Издательство Бомбора
c Издательство Эксмо
d Дата издания 2022
215 Физическое описание __
a Объем 213, [1] с.
c Иллюстрации/тип воспроизводства ил., портр., цв. ил., цв. портр.
d Формат 29 см
225 Серия 1_
a Серия Учимся рисовать на компьютере и планшете
320 Библиография __
a Библиография Алфавитный указатель: с. 212-213
330 Аннотация __
a Аннотация Уникальная программа как никогда популярна среди диджитал-иллюстраторов: множество кистей, возможностей и настроек для создания графики делают ее идеальным инструментом для развития в творческой сфере. Неважно, кто вы - новичок в мире цифровой живописи или опытный пользователь на полях Photoshop и других цифровых редакторов. В этой книге собрано все, что вам нужно, для того чтобы освоить программу, завоевавшую множество наград и покорившую весь художественный мир. Благодаря Procreate вы узнаете: какой стартовый набор инструментов необходим каждому художнику? Как создать собственного персонажа? Возможно ли совмещать диджитал и традиционное рисование? Как создать настоящий шедевр при помощи планшета? Берите в рук гаджет и apple pencil и откройте для себя многогранный мир цифровой живописи!
540 Дополнительное заглавие, сделанное каталогизатором 10
a Дополнительное заглавие, сделанное каталогизатором Учимся создавать шедевры на iPad
605 Заглавие как предмет __
a Заглавие Procreate
l Подзаголовок формы графический редактор
2 Код системы nlr_sh
606 Тематические рубрики 1_
a Основная рубрика Вычислительная техника
2 Код системы nlr_sh
606 Тематические рубрики 1_
a Основная рубрика Компьютерная графика
2 Код системы nlr_sh
610 Ключевые слова 0_
a Ключевые слова APPLE IPAD
610 Ключевые слова 0_
a Ключевые слова портативные компьютеры
610 Ключевые слова 0_
a Ключевые слова IPAD
610 Ключевые слова 0_
a Ключевые слова графические редакторы
610 Ключевые слова 0_
a Ключевые слова компьютерная графика
610 Ключевые слова 0_
a Ключевые слова цифровая графика
610 Ключевые слова 0_
a Ключевые слова рисование на компьютере
610 Ключевые слова 0_
a Ключевые слова цифровые редакторы
610 Ключевые слова 0_
a Ключевые слова диджитал
686 Индексы других классификаций __
a Классификационный индекс 32.972.131.2; ст32.972.13
2 Код системы rubbks
701 Альтернативная интеллектуальная ответственность _1
a Фамилия Уличнэй
b Имя М.
g Полное личное имя Макс
4 Код отношения 070
701 Альтернативная интеллектуальная ответственность _1
a Фамилия Грюневальд
b Имя С.
g Полное личное имя Симон
4 Код отношения 070
701 Альтернативная интеллектуальная ответственность _1
a Фамилия Стокарт
b Имя Э.
g Полное личное имя Эвелин
4 Код отношения 070
701 Альтернативная интеллектуальная ответственность _1
a Фамилия Нассур
b Имя С.
g Полное личное имя Сэм
4 Код отношения 070
702 Вторичная интеллектуальная ответственность _1
a Фамилия Стеблева
b Имя О.
4 Код отношения 730
801 Источник записи _0
a Страна RU
b Организация NLR
c Дата составления 20210324
g Правила каталогизации RCR
801 Источник записи _1
a Страна RU
b Организация NLR
c Дата составления 20210324
g Правила каталогизации PSBO
801 Источник записи _2
a Страна RU
b Организация NLR
c Дата составления 20211101
2 Код формата rusmarc
g Правила каталогизации PSBO
852 Данные о местонахождении __
i Авторский знак П 80
j Шифр хранения 32.972.131.2
900 Макрообъекты __
a Макрообъекты Procreate. Учимся создавать шедевры на iPad, 2022
901 Тип документа __
a Ответственный КиК/Котельникова
t Тип документа m
903 Характеристики (МАРС) __
a Дата передачи 20221017
c Наименование библиотеки (МАРС) Муниципальное бюджетное учреждение культуры "Централизованная библиотечная система" г. Сургут (Центральная городская библиотека им. А. С. Пушкина)
969 Тип издания __
a Тип издания самоучитель
990 Данные о заказе (DOS) __
j Количество экземпляров (DOS) 2
t N записи в КСУ для И/У (DOS) 202210